Model radikálneho odstránenia neželaného spoločenského alebo finančného stavu

Model radikálneho odstránenia exogénneho vplyvu na systém.

Guardado en:
Detalles Bibliográficos
Autor principal: Turňa, Ľubomír
Formato: Capítulo de libro
Lenguaje:eslovaco
Materias:
Etiquetas: Agregar Etiqueta
Sin Etiquetas, Sea el primero en etiquetar este registro!

MARC

LEADER 00000naa a2200000 4500
001 0158198
005 20240502072745.7
041 0 |a slo 
044 |a SK 
245 1 0 |a Model radikálneho odstránenia neželaného spoločenského alebo finančného stavu  |c Ľubomír Turňa 
520 |a Model radikálneho odstránenia exogénneho vplyvu na systém. 
610 2 0 |a modely ekonomicko-matematické 
610 2 0 |a prostredie ekonomické 
100 1 |a Turňa, Ľubomír